000 01365nam a2200325 c 4500
999 _c106156
_d106156
003 BLK
005 20190819112432.0
008 180409b bul|||||r ||||||| ||bul||
010 _aKNG00111409000
020 _a954-597-181-9
040 _aBLK
041 _aBUL
_cBUL
080 _aРуска литература
_b821.161.1
_x-31
_z821.161.1-31
100 1 _aБулгаков, Михаил Афанасиевич
_eпърви автор
_9371856
139 _aБулгаков, Михаил Афанасиевич
_bБ 85
245 1 0 _aМайстора и Маргарита
_bРоман
_cМихаил Афанасиевич Булгаков; прев. от рус. Лиляна Минкова.
250 _a7. изд.
257 _aRUS
260 _bФама
_c2004
300 _a432 с.
_c20 см
380 _aX
500 _aОриг. загл. Мастер и Маргарита. - 1. изд. 1968 на изд. Нар. култура в Библиотека Избрани романи ; N 7. - В кн. означено 5. прераб. изд.
653 _aромани
700 1 _aМинкова, Лиляна
_eпрев. от рус.
_9364889
852 _aЦб 218321
856 4 _qpdf
856 4 _qpdf
942 _cKNG
_n0
_06
_s1
944 _aCR
_c01.03.2004
_lф /
_kЛюдмила_Стоянова
944 _aED
_c04.08.2011
_lф /
999 _d106156
999 _d106156